[Event "Titled Tuesday intern op 16th May Late"]
[Site "Chess.com INT"]
[Date "2023.05.16"]
[Round "7"]
[White "Fishbein, Mitch"]
[Black "Ljubarov, Mark"]
[Result "0-1"]
[WhiteElo "2120"]
[BlackElo "2285"]
[PlyCount "82"]
[EventDate "2023.05.16"]
[EventType "swiss (blitz)"]
[EventRounds "11"]
[EventCountry "USA"]
[SourceTitle "CBM 214 Extra"]
[Source "ChessBase"]
[SourceDate "2023.07.31"]
[SourceVersion "1"]
[SourceVersionDate "2023.07.31"]
[SourceQuality "1"]

1. e4 c6 2. d4 d5 3. Nc3 dxe4 4. Nxe4 Nf6 5. Qd3 Nxe4 6. Qxe4 Qd5 7. Bd3 Qxe4+ 8. Bxe4 g6 9. Nf3 Bg7 10. c3 Nd7 11. Ke2 0-0 12. Bf4 Re8 13. Rhe1 e5 14. dxe5 Nxe5 15. Nxe5 Bxe5 16. Kf3 Bxf4 17. Kxf4 Be6 18. a3 Rad8 19. Rad1 Kg7 20. h4 h6 21. g4 Rxd1 22. Rxd1 Bxg4 23. Bxc6 bxc6 24. Kxg4 Re2 25. b4 Rxf2 26. Rd7 Rc2 27. Rxa7 Rxc3 28. Kf4 Rc4+ 29. Kg3 h5 30. Rc7 Rc3+ 31. Kf4 Rxa3 32. Rxc6 Rh3 33. b5 Rxh4+ 34. Ke5 Rb4 35. b6 h4 36. Kd6 g5 37. Kc7 h3 38. b7 h2 39. Rc1 g4 40. Kd6 g3 41. Ke5 g2 0-1

[Event "Titled Tuesday intern op 16th May Late"]
[Site "Chess.com INT"]
[Date "2023.05.16"]
[Round "3"]
[White "Fishbein, Mitch"]
[Black "Shapiro, Daniel E"]
[Result "1-0"]
[WhiteElo "2120"]
[BlackElo "2284"]
[PlyCount "113"]
[EventDate "2023.05.16"]
[EventType "swiss (blitz)"]
[EventRounds "11"]
[EventCountry "USA"]
[SourceTitle "CBM 214 Extra"]
[Source "ChessBase"]
[SourceDate "2023.07.31"]
[SourceVersion "1"]
[SourceVersionDate "2023.07.31"]
[SourceQuality "1"]

1. e4 e5 2. Nf3 Nc6 3. Bb5 a6 4. Ba4 Nf6 5. Nc3 b5 6. Bb3 Bd6 7. a3 0-0 8. 0-0 Re8 9. d3 h6 10. h3 Bb7 11. Re1 Bf8 12. Nd5 Na5 13. Nxf6+ Qxf6 14. Ba2 c5 15. Bd2 Nc6 16. Bd5 Rab8 17. c3 Ne7 18. Bxb7 Rxb7 19. Be3 Ng6 20. d4 exd4 21. cxd4 Rxe4 22. dxc5 Qxb2 23. Qd5 Rxe3 24. fxe3 Rc7 25. Rec1 Qe2 26. Re1 Qb2 27. Qd4 Qb3 28. Reb1 Qe6 29. Rc1 Kh7 30. Rab1 Be7 31. Kh1 Bf6 32. Qd6 Rc6 33. Qxe6 Rxe6 34. Rb3 Be7 35. Rd3 Nf8 36. Nd4 Re4 37. Nf5 Bg5 38. h4 Bxh4 39. Rd4 Rxd4 40. exd4 Bf6 41. d5 g6 42. c6 dxc6 43. dxc6 Ne6 44. Nd6 Nc7 45. Nxf7 Kg7 46. Nd6 Kf8 47. Rc2 Ke7 48. Ne4 Be5 49. Rd2 Ke6 50. Rd7 Bf4 51. Nc5+ Kf6 52. Kg1 h5 53. Kf2 a5 54. g3 Be5 55. Nd3 Na6 56. Nxe5 Kxe5 57. c7 1-0

[Event "Titled Tuesday intern op 16th May Late"]
[Site "Chess.com INT"]
[Date "2023.05.16"]
[Round "4"]
[White "Sai, Han Thiha"]
[Black "Fishbein, Mitch"]
[Result "1-0"]
[WhiteElo "2070"]
[BlackElo "2120"]
[PlyCount "79"]
[EventDate "2023.05.16"]
[EventType "swiss (blitz)"]
[EventRounds "11"]
[EventCountry "USA"]
[SourceTitle "CBM 214 Extra"]
[Source "ChessBase"]
[SourceDate "2023.07.31"]
[SourceVersion "1"]
[SourceVersionDate "2023.07.31"]
[SourceQuality "1"]

1. d4 Nf6 2. Nf3 g6 3. c4 Bg7 4. Nc3 0-0 5. e4 d6 6. Be2 e5 7. Be3 exd4 8. Nxd4 c6 9. 0-0 Re8 10. Qc2 Qe7 11. Bf3 Nbd7 12. Nb3 Ne5 13. Be2 Be6 14. c5 d5 15. Nd4 dxe4 16. Nxe6 Qxe6 17. Nxe4 Nxe4 18. Qxe4 Rad8 19. Rad1 Qxa2 20. Rxd8 Rxd8 21. f4 Nd7 22. f5 Qd5 23. Qxd5 cxd5 24. b4 d4 25. Bg5 Re8 26. Bb5 Nf6 27. Bxf6 Re3 28. Bxg7 Kxg7 29. f6+ Kh6 30. Rd1 Re6 31. Rxd4 Rxf6 32. Rd7 a6 33. Bc4 b6 34. Rxf7 Rc6 35. Bd5 Rc8 36. c6 a5 37. c7 axb4 38. Be6 b3 39. Bxc8 b2 40. Rf1 1-0

[Event "Titled Tuesday intern op 17th Jan Late"]
[Site "Chess.com INT"]
[Date "2023.01.17"]
[Round "1"]
[White "Fishbein, Mitch"]
[Black "Boros, Denes"]
[Result "0-1"]
[WhiteElo "2098"]
[BlackElo "2402"]
[PlyCount "118"]
[EventDate "2023.01.17"]
[EventType "swiss (blitz)"]
[EventRounds "11"]
[EventCountry "USA"]
[SourceTitle "CBM 212 Extra"]
[Source "ChessBase"]
[SourceDate "2023.03.31"]
[SourceVersion "1"]
[SourceVersionDate "2023.03.31"]
[SourceQuality "1"]

1. d4 g6 2. e4 d5 3. exd5 Qxd5 4. Nc3 Qd6 5. Nf3 Bg7 6. Bc4 Nh6 7. 0-0 Nf5 8. Ne4 Qd8 9. c3 0-0 10. Re1 Nd7 11. Bb3 b6 12. Neg5 Nd6 13. Qe2 c5 14. Qxe7 Qxe7 15. Rxe7 c4 16. Bc2 h6 17. Ne4 Nf5 18. Rxd7 Bxd7 19. g4 Ne7 20. h3 f5 21. gxf5 Bxf5 22. Nh4 g5 23. Nxf5 Nxf5 24. Be3 Rae8 25. b3 cxb3 26. axb3 a5 27. Bd3 Nxe3 28. fxe3 Rf3 29. Re1 Kh8 30. Kg2 Ref8 31. Rf1 Rxf1 32. Bxf1 Re8 33. Bd3 Bf8 34. Kf3 Kg7 35. Ng3 Rc8 36. c4 Kf6 37. e4 b5 38. e5+ Kf7 39. e6+ Kf6 40. d5 a4 41. bxa4 bxa4 42. Ke4 a3 43. Bb1 Rxc4+ 44. Kd3 Rc1 45. Ne4+ Ke5 46. Ba2 Rd1+ 47. Ke2 Rh1 48. Nf2 Ra1 49. Bc4 a2 50. Kf3 Kd4 51. Bb3 Kc3 52. Bxa2 Rxa2 53. Ne4+ Kd4 54. d6 Ra3+ 55. Kg4 Kxe4 56. e7 Ra8 57. Kh5 Bxe7 58. dxe7 Kf5 59. Kxh6 Re8 0-1

[Event "Titled Tuesday intern op 17th Jan Late"]
[Site "Chess.com INT"]
[Date "2023.01.17"]
[Round "8"]
[White "Golubev, Mikhail"]
[Black "Fishbein, Mitch"]
[Result "1-0"]
[WhiteElo "2461"]
[BlackElo "2098"]
[PlyCount "109"]
[EventDate "2023.01.17"]
[EventType "swiss (blitz)"]
[EventRounds "11"]
[EventCountry "USA"]
[SourceTitle "CBM 212 Extra"]
[Source "ChessBase"]
[SourceDate "2023.03.31"]
[SourceVersion "1"]
[SourceVersionDate "2023.03.31"]
[SourceQuality "1"]

1. e4 c5 2. Nf3 g6 3. d4 cxd4 4. Nxd4 Bg7 5. Nc3 Nc6 6. Be3 Nf6 7. Nxc6 bxc6 8. e5 Ng8 9. Bd4 Nh6 10. e6 Bxd4 11. Qxd4 0-0 12. exd7 Qxd7 13. Qxd7 Bxd7 14. 0-0-0 Rfd8 15. Be2 Bg4 16. Rxd8+ Rxd8 17. Bc4 Bc8 18. Re1 Kf8 19. Ne4 Nf5 20. Ng5 Nd6 21. Bd3 h6 22. Ne4 Nxe4 23. Bxe4 c5 24. Re3 Be6 25. Bxg6 Bxa2 26. Be4 Be6 27. g3 Rc8 28. f4 Rc7 29. Kd2 f6 30. Kc3 Bf7 31. g4 Ke8 32. h4 Kd7 33. g5 fxg5 34. hxg5 hxg5 35. fxg5 Ke8 36. Bh7 Kf8 37. Bd3 Kg7 38. b3 Bg6 39. Re6 Bxd3 40. Kxd3 Kf7 41. Ra6 e6 42. Kc4 Kg6 43. Rxe6+ Kxg5 44. Re5+ Kf6 45. Rxc5 Rh7 46. Kd5 Rh5+ 47. Kc6 Rh2 48. Kb7 a5 49. Kb6 a4 50. bxa4 Ke6 51. a5 Kd6 52. a6 Rh1 53. a7 Rb1+ 54. Rb5 Ra1 55. Ra5 1-0

[Event "Titled Tuesday intern op 03rd Jan Late"]
[Site "Chess.com INT"]
[Date "2023.01.03"]
[Round "2"]
[White "Fishbein, Mitch"]
[Black "Maksimovic, Bojan"]
[Result "0-1"]
[WhiteElo "2098"]
[BlackElo "2486"]
[PlyCount "122"]
[EventDate "2023.01.03"]
[EventType "swiss (blitz)"]
[EventRounds "11"]
[EventCountry "USA"]
[SourceTitle "EXT 2024"]
[Source "ChessBase"]
[SourceDate "2023.10.10"]
[SourceVersion "1"]
[SourceVersionDate "2023.10.10"]
[SourceQuality "1"]

1. d4 g6 2. e4 Bg7 3. Nf3 c6 4. h3 d5 5. e5 f6 6. Bd3 Nh6 7. 0-0 0-0 8. Re1 Nf7 9. Bf4 fxe5 10. dxe5 e6 11. c4 Qe7 12. Nc3 Nd7 13. Bg3 Nb6 14. Qe2 Nh6 15. Rad1 Bd7 16. a3 Rae8 17. b4 Nf5 18. Bh2 Nh4 19. Nxh4 Qxh4 20. Bg3 Qe7 21. c5 Nc8 22. Qd2 Rf7 23. Ne2 Ref8 24. Nd4 Qe8 25. Be2 Ne7 26. Bg4 Nf5 27. Bh2 Nxd4 28. Qxd4 Rxf2 29. Rf1 Rxf1+ 30. Rxf1 Rxf1+ 31. Kxf1 Qf7+ 32. Qf4 h5 33. Be2 Bh6 34. Qxf7+ Kxf7 35. Bg1 Bc1 36. Bd4 Bxa3 37. Bc3 b6 38. cxb6 axb6 39. Ke1 c5 40. bxc5 bxc5 41. Kd2 Ba4 42. g4 hxg4 43. hxg4 Bb3 44. Ba5 d4 45. Bb6 Bb4+ 46. Kc1 Bd5 47. Kc2 Ke7 48. g5 Kd7 49. Bd3 Kc6 50. Bd8 c4 51. Bxg6 d3+ 52. Bxd3 cxd3+ 53. Kxd3 Ba2 54. Kc2 Kd7 55. g6 Ke8 56. g7 Kf7 57. Bf6 Bd5 58. Kd3 Ba3 59. Kc3 Bc1 60. Kb4 Bh6 61. Kc5 Bxg7 0-1

[Event "Titled Tuesday intern op 03rd Jan Late"]
[Site "Chess.com INT"]
[Date "2023.01.03"]
[Round "4"]
[White "Papp, Petra"]
[Black "Fishbein, Mitch"]
[Result "0-1"]
[WhiteElo "2347"]
[BlackElo "2098"]
[PlyCount "40"]
[EventDate "2023.01.03"]
[EventType "swiss (blitz)"]
[EventRounds "11"]
[EventCountry "USA"]
[SourceTitle "EXT 2024"]
[Source "ChessBase"]
[SourceDate "2023.10.10"]
[SourceVersion "1"]
[SourceVersionDate "2023.10.10"]
[SourceQuality "1"]

1. d4 Nf6 2. Nc3 d5 3. Bf4 a6 4. Nf3 e6 5. e3 Bd6 6. Bd3 c5 7. Ne5 Nc6 8. Nxc6 bxc6 9. Qd2 Bxf4 10. exf4 cxd4 11. Ne2 c5 12. 0-0 0-0 13. Ng3 Qd6 14. Rfe1 Bd7 15. h3 Bc6 16. Nf1 c4 17. Be2 Qc5 18. Nh2 Ne4 19. Qd1 d3 20. cxd3 Qxf2+ 0-1

[Event "Chesterfield SPICE Cup op"]
[Site "Chesterfield"]
[Date "2022.12.23"]
[Round "9"]
[White "Preotu, Razvan"]
[Black "Fishbein, Mitch"]
[Result "1-0"]
[WhiteElo "2493"]
[BlackElo "2032"]
[PlyCount "97"]
[EventDate "2022.12.18"]
[EventType "swiss"]
[EventRounds "9"]
[EventCountry "USA"]
[SourceTitle "CBM 212 Extra"]
[Source "ChessBase"]
[SourceDate "2023.03.31"]
[SourceVersion "1"]
[SourceVersionDate "2023.03.31"]
[SourceQuality "1"]

1. e4 e5 2. Nf3 Nc6 3. Bc4 Nf6 4. d3 Bc5 5. 0-0 0-0 6. h3 d6 7. c3 a6 8. Re1 h6 9. Bb3 Ba7 10. Nbd2 Re8 11. Nf1 Be6 12. Bc2 d5 13. Qe2 Qd7 14. Nh4 Qd8 15. Nf3 b5 16. Ng3 Nd7 17. Be3 Bxe3 18. Qxe3 Nb6 19. Bb3 Rb8 20. Rad1 a5 21. d4 exd4 22. Nxd4 Nxd4 23. Qxd4 dxe4 24. Bxe6 Qxd4 25. Bxf7+ Kxf7 26. Rxd4 Rbd8 27. Rxd8 Rxd8 28. Nxe4 Rd5 29. f4 Nc4 30. Re2 c6 31. Kf2 Nd6 32. Nd2 Kf6 33. Nf3 a4 34. g4 g6 35. Re5 Rd1 36. Nd4 Nc4 37. Re2 Rb1 38. b3 axb3 39. axb3 Na5 40. b4 Nc4 41. Re6+ Kf7 42. Rxc6 Rb2+ 43. Kg3 Nd2 44. Nxb5 g5 45. Rxh6 Nf1+ 46. Kf3 Nd2+ 47. Ke3 Nf1+ 48. Ke4 Re2+ 49. Kf3 1-0

[Event "Chesterfield SPICE Cup op"]
[Site "Chesterfield"]
[Date "2022.12.21"]
[Round "6"]
[White "Plotkin, Victor"]
[Black "Fishbein, Mitch"]
[Result "0-1"]
[WhiteElo "2249"]
[BlackElo "2032"]
[PlyCount "148"]
[EventDate "2022.12.18"]
[EventType "swiss"]
[EventRounds "9"]
[EventCountry "USA"]
[SourceTitle "CBM 212 Extra"]
[Source "ChessBase"]
[SourceDate "2023.03.31"]
[SourceVersion "1"]
[SourceVersionDate "2023.03.31"]
[SourceQuality "1"]

1. e4 Nf6 2. e5 Nd5 3. d4 d6 4. Bc4 Nb6 5. Bb3 dxe5 6. Qh5 e6 7. dxe5 a5 8. a4 Na6 9. Nf3 Nc5 10. Ba2 Bd7 11. Nc3 Nbxa4 12. Nxa4 Bxa4 13. Bb1 Bc6 14. 0-0 Be4 15. Be3 Bg6 16. Qg4 Ra6 17. Nh4 Qd5 18. Nxg6 hxg6 19. f4 Qe4 20. Qe2 Nd7 21. c3 Qxe3+ 22. Qxe3 Bc5 23. Qd4 Ke7 24. Rd1 Rd8 25. Be4 Bxd4+ 26. cxd4 c6 27. g4 Nb6 28. Kf2 Nd5 29. Kg3 a4 30. Rd2 Ra5 31. h4 Rda8 32. Rd3 Rb5 33. Bxd5 Rxd5 34. b3 a3 35. b4 a2 36. Rd2 Ra4 37. Raxa2 Rxb4 38. Ra7 c5 39. Rc2 cxd4 40. Rc7+ Rd7 41. Rc8 Rd8 42. Rc7+ Ke8 43. Raxb7 Rxb7 44. Rxb7 d3 45. Rb1 d2 46. Rd1 Rd3+ 47. Kf2 Ke7 48. Ke2 Rh3 49. Rxd2 Rxh4 50. Kf3 Rh3+ 51. Ke4 f5+ 52. exf6+ gxf6 53. f5 Rh4 54. Kf3 gxf5 55. gxf5 e5 56. Ra2 Rf4+ 57. Ke3 Rxf5 58. Ra7+ Ke6 59. Ra6+ Kf7 60. Ra7+ Kg6 61. Ke4 Rf4+ 62. Ke3 Kf5 63. Ra6 Rh4 64. Rb6 Rh3+ 65. Ke2 e4 66. Ra6 Ke5 67. Rb6 f5 68. Rb5+ Kf4 69. Kf2 Rh2+ 70. Kg1 Ra2 71. Rb3 e3 72. Rb1 Ke4 73. Rb4+ Kf3 74. Rb1 f4 0-1

[Event "Chesterfield SPICE Cup op"]
[Site "Chesterfield"]
[Date "2022.12.19"]
[Round "2"]
[White "Chen, Ryo"]
[Black "Fishbein, Mitch"]
[Result "1/2-1/2"]
[WhiteElo "2379"]
[BlackElo "2032"]
[PlyCount "96"]
[EventDate "2022.12.18"]
[EventType "swiss"]
[EventRounds "9"]
[EventCountry "USA"]
[SourceTitle "CBM 212 Extra"]
[Source "ChessBase"]
[SourceDate "2023.03.31"]
[SourceVersion "1"]
[SourceVersionDate "2023.03.31"]
[SourceQuality "1"]

1. e4 e5 2. Nf3 Nc6 3. Bb5 a6 4. Ba4 Nf6 5. 0-0 Be7 6. d3 b5 7. Bb3 d6 8. a3 0-0 9. Nc3 Be6 10. Nd5 Nd4 11. Nxd4 exd4 12. Bd2 Nxd5 13. exd5 Bd7 14. Ba5 Qb8 15. Qh5 Bf6 16. Rae1 Qb7 17. Re2 c5 18. dxc6 Bxc6 19. Qh3 Rae8 20. Rfe1 Re5 21. f4 Rxe2 22. Rxe2 Re8 23. Rxe8+ Bxe8 24. Qg3 Bc6 25. Qe1 g6 26. Qe2 h5 27. f5 Kg7 28. fxg6 fxg6 29. Qe6 Bg5 30. Qg8+ Kh6 31. Qh8+ Qh7 32. Qxh7+ Kxh7 33. g3 Bc1 34. Be6 Bxb2 35. Bb4 d5 36. Bc8 a5 37. Bxa5 Bxa3 38. Kf2 Bd6 39. Bb6 Be5 40. Bc5 b4 41. Bxb4 Ba4 42. Ke2 Bxc2 43. Be6 Bb3 44. Be7 Kg7 45. Kf2 Bf6 46. Bd6 Bg5 47. Be5+ Bf6 48. Bd6 g5 1/2-1/2

[Event "Titled Tuesday intern op 06th Sep Late"]
[Site "Chess.com INT"]
[Date "2022.09.06"]
[Round "4"]
[White "Fernandez Hernandez, Gerardo"]
[Black "Fishbein, Mitch"]
[Result "0-1"]
[WhiteElo "2169"]
[BlackElo "2066"]
[PlyCount "62"]
[EventDate "2022.09.06"]
[EventType "swiss (blitz)"]
[EventRounds "11"]
[EventCountry "USA"]
[SourceTitle "EXT 2023"]
[Source "ChessBase"]
[SourceDate "2022.10.05"]
[SourceVersion "1"]
[SourceVersionDate "2022.10.05"]
[SourceQuality "1"]

1. e4 e6 2. d3 d5 3. Nd2 Nf6 4. Ngf3 Be7 5. g3 0-0 6. Bg2 Nc6 7. 0-0 dxe4 8. dxe4 e5 9. c3 h6 10. Qe2 Be6 11. Nc4 Nd7 12. Rd1 Qc8 13. Ne3 Rd8 14. Nd5 Bf8 15. Be3 Nb6 16. Bxb6 axb6 17. Nh4 Ne7 18. Rd2 Nxd5 19. exd5 Bg4 20. Qxe5 Bd6 21. Qd4 Re8 22. Nf3 b5 23. a3 Ra4 24. Qd3 Rae4 25. Qxb5 Qf5 26. Nh4 Re1+ 27. Rxe1 Rxe1+ 28. Bf1 Qb1 29. f3 Bh3 30. Kf2 Rxf1+ 31. Ke3 Qe1+ 0-1

[Event "Titled Tuesday intern op 06th Sep Late"]
[Site "Chess.com INT"]
[Date "2022.09.06"]
[Round "8"]
[White "Filgueira, Hernan"]
[Black "Fishbein, Mitch"]
[Result "1-0"]
[WhiteElo "2283"]
[BlackElo "2066"]
[PlyCount "55"]
[EventDate "2022.09.06"]
[EventType "swiss (blitz)"]
[EventRounds "11"]
[EventCountry "USA"]
[SourceTitle "EXT 2023"]
[Source "ChessBase"]
[SourceDate "2022.10.05"]
[SourceVersion "1"]
[SourceVersionDate "2022.10.05"]
[SourceQuality "1"]

1. e4 c6 2. Nf3 d5 3. Nc3 dxe4 4. Nxe4 Nf6 5. Qe2 Nxe4 6. Qxe4 Nd7 7. b3 Nf6 8. Qe2 e6 9. Bb2 Be7 10. Rg1 0-0 11. g4 Nd5 12. g5 a5 13. a3 a4 14. b4 b6 15. Qe4 Qc7 16. Bd3 g6 17. Ne5 Bb7 18. Ng4 Bxg5 19. h4 Bf4 20. h5 f5 21. Qxe6+ Qf7 22. Qxf7+ Kxf7 23. Ne3 Nxe3 24. dxe3 Bd6 25. Bc4+ Ke7 26. hxg6 hxg6 27. Rxg6 Kd8 28. Rxd6+ 1-0

[Event "Titled Tuesday intern op 06th Sep Late"]
[Site "Chess.com INT"]
[Date "2022.09.06"]
[Round "5"]
[White "Fishbein, Mitch"]
[Black "Roque Sola, Jose Luis"]
[Result "1-0"]
[WhiteElo "2066"]
[BlackElo "2217"]
[PlyCount "45"]
[EventDate "2022.09.06"]
[EventType "swiss (blitz)"]
[EventRounds "11"]
[EventCountry "USA"]
[SourceTitle "EXT 2023"]
[Source "ChessBase"]
[SourceDate "2022.10.05"]
[SourceVersion "1"]
[SourceVersionDate "2022.10.05"]
[SourceQuality "1"]

1. Nf3 Nf6 2. g3 g6 3. Bg2 Bg7 4. 0-0 0-0 5. d3 c5 6. e4 Nc6 7. Re1 d6 8. Nbd2 Rb8 9. a4 a6 10. e5 dxe5 11. Nxe5 Nxe5 12. Rxe5 Bg4 13. Qe1 Re8 14. a5 Qc7 15. Nc4 Nd7 16. Re4 Bf5 17. Re2 Bg4 18. Rxe7 Be6 19. Rxe8+ Rxe8 20. Bf4 Qd8 21. Nd6 Re7 22. Nxb7 Qf8 23. Bd6 1-0

[Event "Titled Tuesday intern op 09th Aug Late"]
[Site "Chess.com INT"]
[Date "2022.08.09"]
[Round "8"]
[White "Fishbein, Mitch"]
[Black "Djordjevic, Dejan N"]
[Result "0-1"]
[WhiteElo "2049"]
[BlackElo "2156"]
[PlyCount "86"]
[EventDate "2022.08.09"]
[EventType "swiss (blitz)"]
[EventRounds "11"]
[EventCountry "USA"]
[SourceTitle "EXT 2023"]
[Source "ChessBase"]
[SourceDate "2022.10.05"]
[SourceVersion "1"]
[SourceVersionDate "2022.10.05"]
[SourceQuality "1"]

1. Nf3 Nf6 2. g3 g6 3. Bg2 Bg7 4. 0-0 0-0 5. d3 c5 6. Nc3 Nc6 7. e4 d6 8. Re1 Ne8 9. Be3 Bd7 10. d4 cxd4 11. Nxd4 Ne5 12. h3 Nc4 13. Bc1 Qb6 14. Nb3 a5 15. a4 Rc8 16. Nd5 Qd8 17. c3 h6 18. h4 Nc7 19. h5 Ne6 20. Nd2 Nxd2 21. Bxd2 Nc5 22. b3 e6 23. Ne3 Qb6 24. Nc4 Qa6 25. Bf1 Be8 26. Bf4 e5 27. Nxd6 Qc6 28. Nxc8 Qxc8 29. Be3 b6 30. hxg6 fxg6 31. Bc4+ Kh7 32. Kg2 Bc6 33. Bd5 Bd7 34. Qe2 Bh3+ 35. Kg1 Bg4 36. Qd2 Bf3 37. Bc4 Nxe4 38. Qd3 Qg4 39. Bc1 Nxg3 40. Re3 Nf5+ 41. Kf1 Qg2+ 42. Ke1 e4 43. Rxe4 Bxe4 0-1

[Event "Titled Tuesday intern op 09th Aug Late"]
[Site "Chess.com INT"]
[Date "2022.08.09"]
[Round "3"]
[White "Fishbein, Mitch"]
[Black "Guz, Ari"]
[Result "1/2-1/2"]
[WhiteElo "2049"]
[BlackElo "2308"]
[PlyCount "103"]
[EventDate "2022.08.09"]
[EventType "swiss (blitz)"]
[EventRounds "11"]
[EventCountry "USA"]
[SourceTitle "EXT 2023"]
[Source "ChessBase"]
[SourceDate "2022.10.05"]
[SourceVersion "1"]
[SourceVersionDate "2022.10.05"]
[SourceQuality "1"]

1. Nf3 d5 2. g3 g6 3. Bg2 Bg7 4. 0-0 Nf6 5. d3 0-0 6. Nc3 e6 7. e4 c5 8. Re1 Nc6 9. h3 b6 10. exd5 exd5 11. Bg5 Be6 12. d4 h6 13. Bxf6 Bxf6 14. dxc5 bxc5 15. Qd2 Rc8 16. Rad1 Nd4 17. Nxd4 cxd4 18. Nb5 Qb6 19. Nxd4 Bxd4 20. Qxd4 Qxd4 21. Rxd4 Rxc2 22. Bxd5 Bxd5 23. Rxd5 Rxb2 24. Ra5 Rc8 25. Rxa7 Rcc2 26. Rf1 Rxa2 27. Rxa2 Rxa2 28. Kg2 Ra3 29. h4 h5 30. Re1 Kg7 31. Re5 Ra2 32. Rb5 Re2 33. Kf3 Re6 34. Rb4 Rf6+ 35. Rf4 Rb6 36. Ra4 f5 37. Kf4 Kf6 38. f3 Rc6 39. Rb4 Rd6 40. Ra4 Rd3 41. Ra6+ Kf7 42. Kg5 Rxf3 43. Rf6+ Ke7 44. Rxg6 Rxg3+ 45. Kxf5 Rxg6 46. Kxg6 Kf8 47. Kxh5 Kg7 48. Kg5 Kh7 49. h5 Kh8 50. h6 Kg8 51. h7+ Kh8 52. Kg6 1/2-1/2

[Event "Titled Tuesday intern op 19th Jul Late"]
[Site "Chess.com INT"]
[Date "2022.07.19"]
[Round "10"]
[White "Mendez Fortes, Eduardo Jesus"]
[Black "Fishbein, Mitch"]
[Result "1-0"]
[WhiteElo "2250"]
[BlackElo "2071"]
[PlyCount "95"]
[EventDate "2022.07.19"]
[EventType "swiss (blitz)"]
[EventRounds "11"]
[EventCountry "USA"]
[SourceTitle "EXT 2023"]
[Source "ChessBase"]
[SourceDate "2022.10.05"]
[SourceVersion "1"]
[SourceVersionDate "2022.10.05"]
[SourceQuality "1"]

1. e4 c6 2. d4 d5 3. e5 Bf5 4. Nf3 e6 5. Be2 Nd7 6. 0-0 h6 7. c4 Ne7 8. Nc3 g5 9. Ne1 Bg7 10. f4 g4 11. Bxg4 Bxg4 12. Qxg4 Nf5 13. cxd5 cxd5 14. Nxd5 Rg8 15. Nc3 Qb6 16. Nf3 0-0-0 17. Qh5 Nxd4 18. Be3 Nxf3+ 19. Qxf3 Qc6 20. Qxc6+ bxc6 21. Ne4 Kb7 22. Nd6+ Kb8 23. Nxf7 Rdf8 24. Nd6 h5 25. Rac1 c5 26. Bxc5 Nxc5 27. Rxc5 Bh6 28. g3 Bxf4 29. Rb5+ Ka8 30. Ne8 Be3+ 31. Kg2 Rxe8 32. Rf7 Bb6 33. Rb3 Rc8 34. Rc3 Rxc3 35. bxc3 Rc8 36. Re7 Rc6 37. Rh7 Rxc3 38. Rxh5 Rc2+ 39. Kf3 Rxa2 40. g4 a5 41. g5 Rf2+ 42. Ke4 Rf5 43. Rh8+ Kb7 44. h4 a4 45. g6 Rf1 46. g7 Rg1 47. g8Q Rxg8 48. Rxg8 1-0

[Event "Titled Tuesday intern op 14th Jun Late"]
[Site "Chess.com INT"]
[Date "2022.06.14"]
[Round "9"]
[White "Le Goff, Ronan"]
[Black "Fishbein, Mitch"]
[Result "1-0"]
[WhiteElo "2309"]
[BlackElo "2067"]
[PlyCount "109"]
[EventDate "2022.06.14"]
[EventType "swiss (blitz)"]
[EventRounds "11"]
[EventCountry "USA"]
[SourceTitle "EXT 2023"]
[Source "ChessBase"]
[SourceDate "2022.10.05"]
[SourceVersion "1"]
[SourceVersionDate "2022.10.05"]
[SourceQuality "1"]

1. d4 Nf6 2. Nf3 g6 3. Nc3 d5 4. Bf4 Bg7 5. Nb5 Na6 6. e3 0-0 7. Be2 c6 8. Nc3 Nc7 9. h3 Nce8 10. 0-0 Nd6 11. a4 a5 12. Na2 Re8 13. Nc1 Nd7 14. Nd3 f6 15. b3 e5 16. dxe5 fxe5 17. Bg5 Bf6 18. Bxf6 Qxf6 19. Nd2 e4 20. Nf4 Ne5 21. c4 d4 22. c5 d3 23. cxd6 dxe2 24. Qxe2 Nf7 25. Nc4 Nxd6 26. Nxd6 Qxd6 27. Rad1 Qf6 28. Rd4 Bf5 29. Rfd1 Rad8 30. Qc4+ Kg7 31. Qc5 Rxd4 32. Rxd4 Rd8 33. Rxd8 Qxd8 34. Kh2 Qc7 35. g3 Kg8 36. Qc4+ Qf7 37. Qc3 Bd7 38. Qxa5 g5 39. Qd8+ Be8 40. Qxg5+ Kh8 41. Qe5+ Kg8 42. Qxe4 c5 43. Qd3 Bc6 44. Qc4 Qxc4 45. bxc4 Bxa4 46. Ne6 b6 47. Nf4 Bb3 48. Nd5 Bxc4 49. Nxb6 Bb3 50. Nd7 c4 51. Nf6+ Kf7 52. Nd5 Ke6 53. Nc3 Kd6 54. e4 Kc5 55. e5 1-0